Pinocchio and the emperor of the night [

Bibliographic Details
Main Author: Sutherland, Hal
Format: Book
Published: s.l. : Lou Scheimer Film , 19_.
Subjects:

MARC

LEADER 00000cam a2200000 7i4500
001 0000000324
002 000000399
005 20010208.0
020 |a 000000399 
090 0 0 |a JF   |b PIN 
100 1 |a Sutherland, Hal 
245 1 0 |a Pinocchio and the emperor of the night [  |h video recording]   |c Hal Sutherland 
260 |a s.l. :   |b Lou Scheimer Film ,   |c 19_. 
300 |a 1 videocassette VHS (83:00 min) :   |b Col.(PAL) 
500 |a Library has 1 copy 
650 0 0 |a Cartoon and carricatures 
999 |a PV0069   |b VIDEO   |c JUNIOR REFERENCE   |e PERPUSTAKAAN KOMUNITI PETALING JAYA 
999 |a PV0201   |b VIDEO   |c JUNIOR REFERENCE   |e PERPUSTAKAAN KOMUNITI PETALING JAYA